Normal view
MARC view
- Francis, Richard.L ,Mcginnis, Leon. F ,White, John A
Entry Personal Name
001 - CONTROL NUMBER
- control field: 57166
003 - CONTROL NUMBER IDENTIFIER
- control field: NUST
005 - DATE AND TIME OF LATEST TRANSACTION
- control field: 20210628201850.0
008 - FIXED-LENGTH DATA ELEMENTS
- fixed length control field: 210628|| aca||aabn | a|a d
040 ## - CATALOGING SOURCE
- Original cataloging agency: NUST
- Transcribing agency: NUST
100 ## - HEADING--PERSONAL NAME
- Personal name: Francis, Richard.L ,Mcginnis, Leon. F ,White, John A
670 ## - SOURCE DATA FOUND
- Source citation: Work cat.: (NUST): Francis, Richard.L ,Mcginnis, Leon. F ,White, John A, Facility layout and location ,an analytical approach, 2002
